00748nam a2200205Ia 4500999001700000082001600017100002500033100002400058100004000082245004700122260002700169300000800196700004800204700004200252700004500294700004500339700004200384942001100426952010500437 c58518d58515 aR/5BS(CS)12 aGul Muhammad Soomro  aRoll No. 12BS(CS)37 aSupervisor - Mr. Baqir Ali Zardari  0aHospital Management System (WEB Software). aNawabshahbQUESTc2016 a34p aMuhammad Javed Bhutto (Roll No. 12BS(CS)65) aSyed Sahib Shah (Roll No. 12BS(CS)59) aAli Ghulam Zardari (Roll No. 12BS(CS)58) aJamil Ahmed Buriro (Roll No. 12BS(CS)22) aKhuda Bux Brohi (Roll No. 12BS(CS)29) cTHESIS 00104070aRESEARCHbRESEARCHd2018-04-24l0oR/5BS(CS)12pBCSP/13-135r2018-04-24 00:00:00yTHESIS